[Event "Lichtenberger Sommer 2017"]
[Site "Berlin"]
[Date "2017.08.22"]
[Round "4.13"]
[White "Rohde, Wolfgang"]
[Black "Postler, Reinhard"]
[Result "0-1"]
[WhiteElo "2125"]
[BlackElo "2250"]
[PlyCount "112"]
[EventDate "2017.??.??"]
[WhiteTeam "SC Friesen Lichtenberg"]
[BlackTeam "TSG Oberschöneweide"]

1. d4 d5 2. c4 c6 3. Nf3 Nf6 4. Nc3 e6 5. e3 Nbd7 6. Qc2 Bd6 7. b3 O-O 8. Be2
Re8 9. O-O b6 10. Rd1 Bb7 11. Bb2 Qe7 12. e4 dxe4 13. Nxe4 Nxe4 14. Qxe4 Nf6
15. Qh4 c5 16. dxc5 Bxc5 17. Bxf6 Qxf6 18. Qxf6 gxf6 19. Nh4 Red8 20. Bf3 Bxf3
21. Nxf3 a5 22. Kf1 a4 23. Rxd8+ Rxd8 24. Ke2 Ra8 25. Rd1 axb3 26. axb3 Ra3 27.
Rd3 Kf8 28. Nd2 Ra2 29. f3 f5 30. g4 f4 31. h4 Ke7 32. Kd1 f5 33. gxf5 exf5 34.
Nb1 Rh2 35. Nc3 Ke6 36. Nd5 Ke5 37. b4 Be3 38. Nxe3 fxe3 39. Rxe3+ Kd4 40. Re6
Kxc4 41. Rxb6 Kd3 42. Rd6+ Ke3 43. Rh6 Rb2 44. Rxh7 Rxb4 45. h5 Rh4 46. h6 Kxf3
47. Rf7 f4 48. h7 Ke3 49. Re7+ Kf2 50. Kd2 f3 51. Kd3 Kf1 52. Ke3 f2 53. Kf3
Rh3+ 54. Kg4 Kg2 55. Rf7 Rxh7 56. Rxh7 f1=Q 0-1

[Event "Lichtenberger Sommer 2017"]
[Site "Berlin"]
[Date "2017.08.22"]
[Round "4.14"]
[White "Ros Alonso, Jaume"]
[Black "Albrecht, Rainer"]
[Result "0-1"]
[WhiteElo "2119"]
[BlackElo "2047"]
[PlyCount "68"]
[EventDate "2017.??.??"]
[WhiteTeam "Sant Boi de Llobregat"]
[BlackTeam "SC Kreuzberg"]

1. e4 e6 2. d4 d5 3. Nd2 Nf6 4. e5 Nfd7 5. Bd3 c5 6. c3 Nc6 7. Ne2 cxd4 8. cxd4
f6 9. exf6 Nxf6 10. O-O Bd6 11. Nf3 O-O 12. Bf4 Nh5 13. Bxd6 Qxd6 14. Ng3 Nf4
15. Rc1 Bd7 16. Re1 a6 17. Ne5 Nxe5 18. Rxe5 g6 19. Bc2 Rac8 20. h4 Qb6 21. b3
Rc3 22. Qd2 Qc7 23. h5 Kg7 24. h6+ Kh8 25. Ne2 Nxe2+ 26. Qxe2 Rc8 27. Re1 Rxc2
28. Qf3 Qd8 29. Qg3 Qf8 30. Rxe6 Bxe6 31. Qe5+ Kg8 32. Qxe6+ Qf7 33. Qe3 Rf8
34. f3 Rcc8 0-1

[Event "Lichtenberger Sommer 2017"]
[Site "Berlin"]
[Date "2017.08.22"]
[Round "4.15"]
[White "Plaza Reino, Agustin"]
[Black "Sivri, Gorkem"]
[Result "0-1"]
[WhiteElo "1963"]
[BlackElo "2148"]
[PlyCount "112"]
[EventDate "2017.??.??"]
[WhiteTeam "Enniscorthy Chess Club"]
[BlackTeam "Ordu Belediyespor"]

1. e4 e5 2. Nf3 Nc6 3. d4 exd4 4. Nxd4 Nf6 5. Nxc6 bxc6 6. e5 Qe7 7. Qe2 Nd5 8.
c4 Nb6 9. g3 g6 10. b3 Bg7 11. Bb2 d6 12. f4 dxe5 13. Bg2 Bb7 14. Nd2 O-O 15.
fxe5 Nd7 16. Nf3 Qb4+ 17. Qd2 Qxd2+ 18. Kxd2 c5 19. Rhe1 Rfe8 20. Kc2 Nxe5 21.
Bxe5 Bxe5 22. Rxe5 Rxe5 23. Nxe5 Bxg2 24. Nd7 Bc6 25. Nxc5 Re8 26. Kd2 Re5 27.
Nd3 Rh5 28. h4 g5 29. Ne5 Bb7 30. Nd7 Kg7 31. Rg1 Bc8 32. Ne5 gxh4 33. gxh4+
Kf8 34. Nc6 a6 35. Re1 Rxh4 36. Kc3 Rh6 37. Nb4 Rh2 38. Nd5 c6 39. Nf6 Be6 40.
a3 h5 41. Kb4 h4 42. Ne4 Rg2 43. Kc5 h3 44. Kxc6 h2 45. Rh1 Bf5 46. Kd5 Ke7 47.
b4 Be6+ 48. Kd4 Rc2 49. c5 Bd7 50. Kd5 Bg4 51. Re1 Re2 52. Rxe2 h1=Q 53. Re3 f5
54. c6 Bf3 55. c7 Bxe4+ 56. Kc4 Kd7 0-1

[Event "Lichtenberger Sommer 2017"]
[Site "Berlin"]
[Date "2017.08.22"]
[Round "4.16"]
[White "Kohler, Thomas"]
[Black "Krüger, Robin-Kevin"]
[Result "1/2-1/2"]
[WhiteElo "2154"]
[BlackElo "1930"]
[PlyCount "42"]
[EventDate "2017.??.??"]
[WhiteTeam "SC Zitadelle Spandau"]
[BlackTeam "MTV Tostedt"]

1. c4 e6 2. g3 d5 3. Bg2 Nf6 4. Nf3 Be7 5. O-O O-O 6. d4 c5 7. cxd5 exd5 8.
dxc5 Bxc5 9. Bg5 Nc6 10. Nc3 d4 11. Bxf6 Qxf6 12. Ne4 Qe7 13. Nxc5 Qxc5 14. Qd2
Bg4 15. Qf4 Qf5 16. Qxf5 Bxf5 17. Rfd1 Rad8 18. Rd2 d3 19. exd3 Rxd3 20. Rxd3
Bxd3 21. Rd1 Be4 1/2-1/2

[Event "Lichtenberger Sommer 2017"]
[Site "Berlin"]
[Date "2017.08.22"]
[Round "4.17"]
[White "Piotrowski, Christopher"]
[Black "Seitz, Patrick"]
[Result "1-0"]
[WhiteElo "2117"]
[BlackElo "1956"]
[PlyCount "47"]
[EventDate "2017.??.??"]
[WhiteTeam "SK König Tegel"]
[BlackTeam "SR Heuberg-Gosheim"]

1. c4 c5 2. g3 g6 3. Bg2 Bg7 4. Nc3 Nc6 5. Nf3 b6 6. d3 Bb7 7. Bg5 h6 8. Bf4 g5
9. Bc1 e6 10. h4 g4 11. Nh2 h5 12. O-O Bh6 13. d4 cxd4 14. Nb5 Qb8 15. e3 a6
16. Bxc6 dxc6 17. Qxd4 cxb5 18. Qxh8 Ke7 19. e4 Bxc1 20. Raxc1 Qd6 21. Qxh5 Qc6
22. Qg5+ Kf8 23. Nxg4 Qxe4 24. Qxg8+ 1-0

[Event "Lichtenberger Sommer 2017"]
[Site "Berlin"]
[Date "2017.08.22"]
[Round "4.18"]
[White "Mätzkow, Maximilian Paul"]
[Black "Dellert, Lena"]
[Result "1-0"]
[WhiteElo "2172"]
[BlackElo "1851"]
[PlyCount "83"]
[EventDate "2017.??.??"]
[WhiteTeam "ESV Eberswalde"]
[BlackTeam "SF Wadgassen"]

1. d4 Nf6 2. Nc3 d5 3. Bf4 c6 4. f3 Bf5 5. g4 Bg6 6. h4 h6 7. e3 e6 8. Bd3 Bxd3
9. Qxd3 Bd6 10. Nge2 Qc7 11. O-O-O Nbd7 12. Bxd6 Qxd6 13. e4 dxe4 14. fxe4 Nxg4
15. e5 Qe7 16. Ne4 O-O-O 17. Qf3 f5 18. Nd6+ Kb8 19. Nf4 Ndxe5 20. dxe5 Nxe5
21. Qe3 Rxd6 22. Qxe5 Rhd8 23. Nxe6 Kc8 24. Rxd6 Rxd6 25. Re1 f4 26. Nxf4 Qxh4
27. Nd3 Rd5 28. Qe6+ Kc7 29. Rf1 Qg5+ 30. Kb1 Qd2 31. Qf7+ Rd7 32. Qf3 Re7 33.
a3 g5 34. Qf6 Qe2 35. Re1 Qxe1+ 36. Nxe1 Rxe1+ 37. Ka2 Rh1 38. Qe7+ Kb6 39.
Qd8+ Kc5 40. b4+ Kb5 41. Kb3 Rh3+ 42. c3 1-0

[Event "Lichtenberger Sommer 2017"]
[Site "Berlin"]
[Date "2017.08.22"]
[Round "4.19"]
[White "Rietze, Clemens"]
[Black "Gebert-Vangeel, Ralf"]
[Result "1-0"]
[WhiteElo "2343"]
[BlackElo "2060"]
[PlyCount "77"]
[EventDate "2017.??.??"]
[WhiteTeam "SC Rotation Pankow"]
[BlackTeam "TSV Mariendorf"]

1. d4 d5 2. c4 c6 3. Nc3 Nf6 4. Nf3 e6 5. Bg5 Nbd7 6. e3 Qa5 7. Nd2 Bb4 8. Qc2
O-O 9. Be2 e5 10. dxe5 Ne4 11. Ndxe4 dxe4 12. O-O Bxc3 13. bxc3 Qxe5 14. Bf4
Qf5 15. Rad1 Nf6 16. Rd6 Be6 17. Rb1 Bc8 18. h3 h5 19. Bg3 c5 20. a4 Re8 21. a5
Re7 22. Rd8+ Re8 23. Rxe8+ Nxe8 24. Qd1 g6 25. Qd5 Be6 26. Qxb7 Rd8 27. Qxa7
Rd2 28. Qe7 Bd7 29. Rd1 Rxd1+ 30. Bxd1 Bc6 31. Bc2 Ng7 32. Be5 f6 33. Qxf6 Qxf6
34. Bxf6 Ne6 35. Be5 Kf7 36. a6 Ke7 37. a7 Kd8 38. Ba4 Bb7 39. h4 1-0

[Event "Lichtenberger Sommer 2017"]
[Site "Berlin"]
[Date "2017.08.22"]
[Round "4.20"]
[White "Florstedt, Johannes"]
[Black "Deutschbein, Christopher"]
[Result "1-0"]
[WhiteElo "2232"]
[BlackElo "2019"]
[PlyCount "77"]
[EventDate "2017.??.??"]
[WhiteTeam "SF 1903 Berlin"]
[BlackTeam "Eckernförder SC"]

1. c4 c5 2. Nf3 Nf6 3. Nc3 Nc6 4. g3 g6 5. d4 cxd4 6. Nxd4 Bg7 7. Bg2 O-O 8.
O-O Re8 9. c5 d5 10. cxd6 Nxd4 11. Qxd4 e5 12. Qh4 Qxd6 13. Rd1 Qa6 14. Bg5 Qb6
15. Na4 Qa6 16. Nc5 Qb6 17. Rac1 Bf5 18. Na4 Qa6 19. Nc5 Qb6 20. e4 Bg4 21. Rd3
Rac8 22. Rdc3 Be2 23. Nd7 Rxc3 24. Nxb6 Rxc1+ 25. Bxc1 axb6 26. h3 Rd8 27. Kh2
Rd7 28. Qg5 Bd3 29. f3 h5 30. h4 Bxe4 31. Bh3 Rd3 32. fxe4 Kf8 33. Bd2 Nxe4 34.
Bb4+ Kg8 35. Qe7 Nxg3 36. Qe8+ Kh7 37. Qxf7 Ne4 38. Bf8 Rd2+ 39. Bg2 1-0

[Event "Lichtenberger Sommer 2017"]
[Site "Berlin"]
[Date "2017.08.22"]
[Round "4.21"]
[White "Simon, Ralf-Axel"]
[Black "Buttkus, Andre"]
[Result "0-1"]
[WhiteElo "2184"]
[BlackElo "2031"]
[PlyCount "70"]
[EventDate "2017.??.??"]
[WhiteTeam "TSG Neuruppin"]
[BlackTeam "SK Tempelhof 1931"]

1. Nf3 c5 2. e4 e6 3. d4 cxd4 4. Nxd4 Nc6 5. Nc3 Qc7 6. Be3 a6 7. Qd2 Nf6 8.
O-O-O Be7 9. f3 O-O 10. g4 b5 11. g5 Nh5 12. Nce2 Nxd4 13. Qxd4 f5 14. exf5
Rxf5 15. Qg4 g6 16. Bg2 Bb7 17. Rd3 Raf8 18. f4 Bxg2 19. Qxg2 Bd6 20. Rc3 Qb8
21. Rd1 R8f7 22. Ng3 Nxf4 23. Qd2 Rd5 24. Bd4 e5 25. Qe1 Rxd4 26. Ne4 Bb4 27.
Rxd4 Bxc3 28. bxc3 exd4 29. cxd4 Qc7 30. Qe3 Nd5 31. Qb3 Qf4+ 32. Nd2 Qxd4 33.
a4 Qa1+ 34. Nb1 Rf1+ 35. Kd2 Qd4+ 0-1

[Event "Lichtenberger Sommer 2017"]
[Site "Berlin"]
[Date "2017.08.22"]
[Round "4.22"]
[White "Di Candia, Roberto"]
[Black "Syre, Christian"]
[Result "1-0"]
[WhiteElo "1918"]
[BlackElo "2208"]
[PlyCount "107"]
[EventDate "2017.??.??"]
[WhiteTeam "SF 1903 Berlin"]
[BlackTeam "TSG Oberschöneweide"]

1. e4 d6 2. d4 g6 3. Nc3 Bg7 4. Nf3 a6 5. Bd3 Nd7 6. O-O e6 7. Re1 Ne7 8. e5 d5
9. Ne2 c5 10. c3 Nc6 11. a3 c4 12. Bc2 b5 13. Ng3 Bb7 14. h4 h5 15. Bg5 Qc7 16.
Qd2 a5 17. Ne2 Nf8 18. Nf4 Kd7 19. Bf6 Rg8 20. Ng5 Kc8 21. b3 Ra6 22. Rad1 Kb8
23. bxc4 bxc4 24. Rb1 Ka7 25. Rb5 Bh6 26. Reb1 Bc8 27. Ba4 Nd7 28. Ngxe6 fxe6
29. Nxe6 Bxd2 30. Nxc7 Nb6 31. Rxb6 Rxb6 32. Rxb6 Kxb6 33. Nxd5+ Ka7 34. Bxc6
Be6 35. Nc7 Kb6 36. Nd5+ Kxc6 37. Ne7+ Kc7 38. d5 Re8 39. dxe6 Rxe7 40. Bxe7
Bxc3 41. Bd6+ Kd8 42. Kf1 a4 43. Ke2 Ke8 44. f3 Bb2 45. g4 Bc1 46. gxh5 gxh5
47. Kd1 Bf4 48. Kc2 Bg3 49. Kc3 Bxh4 50. f4 Be7 51. Bb8 h4 52. Ba7 Bxa3 53.
Kxc4 Bb2 54. Bf2 1-0

[Event "Lichtenberger Sommer 2017"]
[Site "Berlin"]
[Date "2017.08.22"]
[Round "4.23"]
[White "Kievelitz, Bernd"]
[Black "Gaerths, Ronny"]
[Result "1/2-1/2"]
[WhiteElo "1889"]
[BlackElo "2182"]
[PlyCount "68"]
[EventDate "2017.??.??"]
[WhiteTeam "SC Zitadelle Spandau"]
[BlackTeam "SG TT/Wiheil"]

1. Nf3 d6 2. d4 Bg4 3. c4 Bxf3 4. exf3 g6 5. f4 Bg7 6. Nc3 e6 7. d5 exd5 8.
cxd5 Ne7 9. g3 O-O 10. Bg2 c5 11. O-O Nf5 12. Bh3 Nd4 13. Be3 Na6 14. Bxd4 cxd4
15. Ne2 Qb6 16. Qd2 Nc5 17. Bg2 d3 18. Nc3 a5 19. Rfe1 a4 20. Rab1 Rfe8 21. Ne4
Na6 22. a3 h6 23. Qxd3 f5 24. Nd2 Nc5 25. Rxe8+ Rxe8 26. Nc4 Nxd3 27. Nxb6 Nxb2
28. Bf1 Bd4 29. Bb5 Rd8 30. Nxa4 Nxa4 31. Bxa4 Ra8 32. Bd7 Rxa3 33. Be6+ Kf8
34. Rxb7 Ra1+ 1/2-1/2

[Event "Lichtenberger Sommer 2017"]
[Site "Berlin"]
[Date "2017.08.22"]
[Round "4.24"]
[White "Jecht, Christian"]
[Black "Brümmel, Arend"]
[Result "0-1"]
[WhiteElo "1903"]
[BlackElo "2150"]
[PlyCount "50"]
[EventDate "2017.??.??"]
[WhiteTeam "SC Bavaria Regensb."]
[BlackTeam "Stader SV"]

1. e4 c5 2. Nf3 d6 3. Bb5+ Nd7 4. c3 Ngf6 5. e5 dxe5 6. Nxe5 e6 7. O-O Be7 8.
d4 a6 9. Nxd7 Nxd7 10. Be2 O-O 11. Bf4 Qb6 12. Qd2 cxd4 13. cxd4 Nf6 14. Nc3
Bd7 15. Bf3 Bc6 16. Bxc6 Qxc6 17. Rac1 Rfd8 18. Rfd1 Rd7 19. Qe2 Nd5 20. Be5
Bg5 21. Qg4 f6 22. f4 Ne3 23. Qg3 Nxd1 24. Rxd1 fxe5 25. Qxg5 exd4 0-1

[Event "Lichtenberger Sommer 2017"]
[Site "Berlin"]
[Date "2017.08.22"]
[Round "4.25"]
[White "Slepuschkin, Shenis"]
[Black "Shapiro, Yosip"]
[Result "1/2-1/2"]
[WhiteElo "2169"]
[BlackElo "2098"]
[PlyCount "72"]
[EventDate "2017.??.??"]
[WhiteTeam "SG NARVA Berlin"]
[BlackTeam "SV Berolina Mitte"]

1. d4 Nf6 2. Nc3 d5 3. Nf3 e6 4. Bf4 Bb4 5. a3 Bxc3+ 6. bxc3 c5 7. Bxb8 Rxb8 8.
dxc5 Qa5 9. Qd4 O-O 10. e3 Ne4 11. Bd3 Qxc3+ 12. Ke2 Qa5 13. Bxe4 dxe4 14. Ng5
f5 15. Rhb1 h6 16. Qe5 Bd7 17. Nh3 Bb5+ 18. Kd1 Rbd8+ 19. Kc1 Qd2+ 20. Kb2 Qd5
21. Qxd5 Rxd5 22. Nf4 Re5 23. Kc3 Rxc5+ 24. Kb4 b6 25. a4 a5+ 26. Ka3 Bd7 27.
Rxb6 Rc3+ 28. Rb3 Rc4 29. Rb7 Rfc8 30. Rxd7 Rc3+ 31. Kb2 Rxc2+ 32. Kb1 Rxf2 33.
Ra3 Rf1+ 34. Kb2 Rf2+ 35. Kb1 Rf1+ 36. Kb2 Rf2+ 1/2-1/2

[Event "Lichtenberger Sommer 2017"]
[Site "Berlin"]
[Date "2017.08.22"]
[Round "4.26"]
[White "Schmidt, David"]
[Black "Dimitrijeski, Kristian"]
[Result "1/2-1/2"]
[WhiteElo "1917"]
[BlackElo "2182"]
[PlyCount "81"]
[EventDate "2017.??.??"]
[WhiteTeam "Empor Potsdam"]
[BlackTeam "SK König Tegel"]

1. d4 d5 2. Bf4 Nf6 3. e3 c5 4. c3 Qb6 5. Qb3 c4 6. Qc2 Nc6 7. Nd2 Bg4 8. b3
cxb3 9. axb3 e6 10. Bd3 Rc8 11. Qb2 Be7 12. h3 Bh5 13. Ngf3 O-O 14. O-O Bg6 15.
Bxg6 hxg6 16. Ne5 Nxe5 17. Bxe5 Rc6 18. Rfc1 Rfc8 19. Rc2 Ra8 20. c4 Nd7 21.
Bg3 Bf6 22. c5 Qb5 23. b4 b6 24. Qa3 Rcc8 25. Qa6 Qxa6 26. Rxa6 e5 27. Nf3 exd4
28. exd4 bxc5 29. bxc5 Nb8 30. Bxb8 Rcxb8 31. Rca2 Rb1+ 32. Kh2 Rb4 33. Rxa7
Rxa7 34. Rxa7 Bxd4 35. Nxd4 Rxd4 36. Rd7 Kf8 37. c6 Ke8 38. Kg3 Rd2 39. Kf3 Rc2
40. Rxd5 Rxc6 41. Re5+ 1/2-1/2

[Event "Lichtenberger Sommer 2017"]
[Site "Berlin"]
[Date "2017.08.22"]
[Round "4.27"]
[White "Kautz, Stefan"]
[Black "Moser, Axel"]
[Result "0-1"]
[WhiteElo "1909"]
[BlackElo "2159"]
[PlyCount "60"]
[EventDate "2017.??.??"]
[WhiteTeam "SC Empor Maulwurf Bonn"]
[BlackTeam "SC Kreuzberg"]

1. d4 g6 2. e4 Bg7 3. Nf3 c5 4. c3 cxd4 5. cxd4 d5 6. Bb5+ Bd7 7. Bxd7+ Qxd7 8.
exd5 Qxd5 9. Nc3 Qc4 10. Be3 Nh6 11. Bxh6 Bxh6 12. Ne5 Qa6 13. Qf3 O-O 14. Nd5
Qd6 15. O-O Nc6 16. Nc4 Qd8 17. Rfd1 Bg7 18. Ne5 e6 19. Ne3 Bxe5 20. dxe5 Qg5
21. Qe4 Qxe5 22. Qxe5 Nxe5 23. f4 Nc6 24. Kf2 Rfd8 25. Rxd8+ Rxd8 26. Rd1 Rxd1
27. Nxd1 Kf8 28. Ke3 Ke7 29. Nc3 f5 30. Na4 Kd6 0-1

[Event "Lichtenberger Sommer 2017"]
[Site "Berlin"]
[Date "2017.08.22"]
[Round "4.28"]
[White "Vogel, Robert"]
[Black "Badestein, Hartmut"]
[Result "1/2-1/2"]
[WhiteElo "2154"]
[BlackElo "2046"]
[PlyCount "63"]
[EventDate "2017.??.??"]
[WhiteTeam "SG Pang-Rosenheim"]
[BlackTeam "SC Friesen Lichtenberg"]

1. d4 Nf6 2. c4 g6 3. Nc3 Bg7 4. e4 d6 5. Bg5 O-O 6. Qd2 c5 7. d5 b5 8. cxb5 a6
9. Nf3 Qa5 10. bxa6 Qb4 11. a3 Qb6 12. Be2 Bxa6 13. O-O Nbd7 14. Bxa6 Qxa6 15.
Bh6 Rfb8 16. Bxg7 Kxg7 17. Rae1 Ra7 18. e5 dxe5 19. Nxe5 Nxe5 20. Rxe5 Qd6 21.
Re2 Rab7 22. Rb1 Rd8 23. Qe1 Nxd5 24. Nxd5 Qxd5 25. Rxe7 Rxe7 26. Qxe7 Qf5 27.
Rf1 Rd2 28. Qe3 Qc2 29. g3 c4 30. Qe5+ Kg8 31. h4 Qxb2 32. Qxb2 1/2-1/2

[Event "Lichtenberger Sommer 2017"]
[Site "Berlin"]
[Date "2017.08.22"]
[Round "4.29"]
[White "Matitschka, Heinz"]
[Black "Stark, Ingo"]
[Result "1-0"]
[WhiteElo "1910"]
[BlackElo "2161"]
[PlyCount "61"]
[EventDate "2017.??.??"]
[WhiteTeam "TSG Oberschöneweide"]
[BlackTeam "TSG Oberschöneweide"]

1. d4 Nf6 2. c4 c5 3. d5 d6 4. Nc3 Bf5 5. Nf3 Na6 6. Nh4 Bd7 7. g3 g6 8. Bg2
Bg7 9. O-O O-O 10. Bg5 h6 11. Bd2 g5 12. Nf3 Bf5 13. h4 g4 14. Ne1 Qd7 15. Qc1
Kh7 16. Bf4 Nh5 17. e4 Bg6 18. Nd3 Nb4 19. Qd2 Nxd3 20. Qxd3 Nxf4 21. gxf4 f5
22. Rae1 fxe4 23. Bxe4 Bxe4 24. Qxe4+ Qf5 25. Qxf5+ Rxf5 26. Rxe7 Rxf4 27. Ne4
Rd8 28. Re1 Kh8 29. Re2 Bd4 30. Rxb7 Re8 31. Nf6 1-0

[Event "Lichtenberger Sommer 2017"]
[Site "Berlin"]
[Date "2017.08.22"]
[Round "4.30"]
[White "Hesse, Henrik"]
[Black "Oginski, Ulrich"]
[Result "1-0"]
[WhiteElo "2124"]
[BlackElo "1882"]
[PlyCount "67"]
[EventDate "2017.??.??"]
[WhiteTeam "SV Mattnetz Berlin"]
[BlackTeam "SC Weisse Dame (Berlin)"]

1. c4 c5 2. Nf3 Nc6 3. d4 cxd4 4. Nxd4 Nf6 5. Nc3 e6 6. Ndb5 d5 7. Bf4 e5 8.
cxd5 exf4 9. dxc6 bxc6 10. Qxd8+ Kxd8 11. O-O-O+ Bd7 12. Nd4 Kc7 13. g3 fxg3
14. fxg3 Bb4 15. Rd3 Rhe8 16. Bg2 Rab8 17. Rf1 Re5 18. a3 Bxc3 19. Rxc3 c5 20.
Bf3 Kb6 21. Nb3 Bc6 22. Nd2 Bb5 23. Re1 a5 24. e4 Rd8 25. Be2 Bxe2 26. Rxe2 Ka6
27. Nb3 Kb6 28. Nd2 Ka6 29. Rc4 Kb5 30. b3 Nd7 31. Nf3 Re7 32. Rd2 Rde8 33. Rd6
Ne5 34. a4# 1-0

[Event "Lichtenberger Sommer 2017"]
[Site "Berlin"]
[Date "2017.08.22"]
[Round "4.31"]
[White "Elsing, Jan"]
[Black "Lischeid, Kilian"]
[Result "1-0"]
[WhiteElo "2140"]
[BlackElo "1719"]
[PlyCount "127"]
[EventDate "2017.??.??"]
[WhiteTeam "SC Friesen Lichtenberg"]
[BlackTeam "SF Friedrichshagen"]

1. c4 e5 2. Nc3 Nc6 3. g3 Nf6 4. Bg2 Bc5 5. e3 d6 6. Nge2 O-O 7. O-O Bb6 8. b3
Bd7 9. Bb2 Qc8 10. Re1 Re8 11. Na4 Nb4 12. d3 Bc6 13. a3 Bxg2 14. Kxg2 Nc6 15.
Nxb6 axb6 16. Nc3 Qf5 17. e4 Qd7 18. Ne2 Rf8 19. f3 Ne8 20. d4 Qe7 21. Qd3 f6
22. f4 Rd8 23. Rf1 g6 24. d5 Nb8 25. f5 g5 26. Qf3 Qg7 27. g4 Nd7 28. Rh1 h6
29. Ng3 Kf7 30. Rad1 Ke7 31. h4 Qf7 32. hxg5 hxg5 33. Rh6 Ng7 34. Rdh1 Rg8 35.
Bc1 Rdf8 36. Rh7 Qe8 37. b4 Rf7 38. R1h3 Qa8 39. Qb3 Qa6 40. Be3 Ra8 41. Bc1
Qa4 42. Qxa4 Rxa4 43. Ne2 Ne8 44. R7h6 Rg7 45. Rb3 Kf8 46. Nc3 Ra7 47. Be3 Kg8
48. a4 Ra8 49. Kf3 Rh7 50. Rxh7 Kxh7 51. c5 Kg8 52. c6 bxc6 53. dxc6 Nb8 54. b5
Kf7 55. Rb4 Ke7 56. Nd5+ Kd8 57. Rc4 Na6 58. bxa6 Rxa6 59. Ke2 Kc8 60. Kd3 Kb8
61. Kc3 Ka7 62. Kb3 Kb8 63. Rb4 Ka8 64. Rb5 1-0

[Event "Lichtenberger Sommer 2017"]
[Site "Berlin"]
[Date "2017.08.22"]
[Round "4.32"]
[White "Jahn, Thomas"]
[Black "Jeß, Arne"]
[Result "1-0"]
[WhiteElo "2191"]
[BlackElo "1862"]
[PlyCount "59"]
[EventDate "2017.??.??"]
[WhiteTeam "SV Empor Berlin"]
[BlackTeam "TSG Fredersdorf/Vogelsdorf"]

1. e4 c5 2. Nf3 d6 3. d4 cxd4 4. Nxd4 Nf6 5. Nc3 g6 6. Be3 Bg7 7. Be2 Nc6 8.
Nb3 a6 9. O-O O-O 10. f4 b5 11. Bf3 Bb7 12. Qe2 Qc7 13. Rae1 Rfe8 14. Qf2 Rac8
15. Bb6 Qb8 16. Re2 Nd7 17. Be3 Rf8 18. Rd1 Rcd8 19. Red2 Nf6 20. Nd5 Rde8 21.
c3 a5 22. Bb6 a4 23. Nc1 Nxd5 24. exd5 Nd8 25. a3 Ba6 26. Nd3 e5 27. dxe6 Rxe6
28. Nb4 Bb7 29. Bg4 f5 30. Be2 1-0

[Event "Lichtenberger Sommer 2017"]
[Site "Berlin"]
[Date "2017.08.22"]
[Round "4.33"]
[White "Grassi, Fabrizio"]
[Black "Segerberg, Tomas"]
[Result "0-1"]
[WhiteElo "1868"]
[BlackElo "2077"]
[PlyCount "54"]
[EventDate "2017.??.??"]
[WhiteTeam "SV Berlin-Friedrichstadt"]
[BlackTeam "SG NARVA Berlin"]

1. d4 f5 2. Bf4 Nf6 3. e3 g6 4. h4 h6 5. Nf3 d6 6. Bc4 Bg7 7. Nc3 e6 8. Qe2 Nc6
9. O-O-O Qe7 10. d5 Na5 11. Bb5+ Kf7 12. b4 e5 13. Bg3 a6 14. Bd3 e4 15. Nd4
exd3 16. Qxd3 c5 17. dxc6 Nxc6 18. Nxc6 bxc6 19. Bxd6 Qe6 20. Rhe1 Ne4 21. Nxe4
Qxe4 22. Qxe4 fxe4 23. Bc5 Be6 24. Rd6 Rhc8 25. Red1 a5 26. Bd4 axb4 27. Bxg7
Kxg7 0-1

[Event "Lichtenberger Sommer 2017"]
[Site "Berlin"]
[Date "2017.08.22"]
[Round "4.34"]
[White "Kornrumpf, Joachim"]
[Black "Plaza Reino, Mercedes"]
[Result "1-0"]
[WhiteElo "2074"]
[BlackElo "1824"]
[PlyCount "55"]
[EventDate "2017.??.??"]
[WhiteTeam "Preetzer TSV"]
[BlackTeam "Enniscorthy Chess Club"]

1. b3 d5 2. Bb2 e6 3. e3 c5 4. f4 Nc6 5. Nf3 f6 6. d4 Bd6 7. Bd3 Nge7 8. O-O
O-O 9. c4 b6 10. Nbd2 Qe8 11. Rc1 Bb7 12. Qe2 Qh5 13. Qf2 e5 14. cxd5 Nb4 15.
Bb1 exd4 16. Nc4 Rad8 17. Nxd6 Rxd6 18. exd4 Nexd5 19. dxc5 Re6 20. Nd4 Ree8
21. Rfe1 Bc8 22. a3 Na6 23. cxb6 axb6 24. b4 Qg4 25. Ba2 Rd8 26. Nc6 Kh8 27.
Nxd8 Rxd8 28. Bxd5 1-0

[Event "Lichtenberger Sommer 2017"]
[Site "Berlin"]
[Date "2017.08.22"]
[Round "4.35"]
[White "Heuser, Philip"]
[Black "Wachtel, Arthur"]
[Result "1-0"]
[WhiteElo "2041"]
[BlackElo "1803"]
[PlyCount "61"]
[EventDate "2017.??.??"]
[WhiteTeam "Münchener SC"]
[BlackTeam "SK Freising"]

1. d4 Nf6 2. c4 g6 3. g3 Bg7 4. Bg2 O-O 5. Nc3 d6 6. Nf3 Nbd7 7. O-O e5 8. e4
c6 9. h3 Re8 10. Re1 Qb6 11. d5 cxd5 12. cxd5 Nc5 13. Rb1 a5 14. Be3 Bd7 15.
Nd2 Qc7 16. Bf1 Reb8 17. a3 Rc8 18. b4 axb4 19. axb4 Na4 20. Ne2 Nc3 21. Nxc3
Qxc3 22. Rb3 Qc7 23. Nc4 Ba4 24. Nb6 Nxe4 25. Nxa8 Rxa8 26. Ra3 Qc3 27. Qa1
Qxb4 28. Rb1 Qa5 29. Bb6 Qxd5 30. Rxa4 Rc8 31. Ra8 1-0

[Event "Lichtenberger Sommer 2017"]
[Site "Berlin"]
[Date "2017.08.22"]
[Round "4.36"]
[White "Hahlbohm, Matthias"]
[Black "Bui, Bao Anh Le"]
[Result "1/2-1/2"]
[WhiteElo "2106"]
[BlackElo "1775"]
[PlyCount "60"]
[EventDate "2017.??.??"]
[WhiteTeam "TSG Oberschöneweide"]
[BlackTeam "SV Mattnetz Berlin"]

1. e4 c5 2. Nf3 d6 3. d4 cxd4 4. Nxd4 Nf6 5. Nc3 a6 6. Be2 e5 7. Nb3 Be7 8. a4
Be6 9. Bf3 O-O 10. O-O Nbd7 11. Be3 Rc8 12. a5 Re8 13. Re1 Qc7 14. h3 h6 15.
Qd2 b5 16. axb6 Nxb6 17. Be2 Nc4 18. Bxc4 Qxc4 19. Ra4 Qc6 20. Rea1 Qb7 21. f3
d5 22. exd5 Nxd5 23. Nxd5 Qxd5 24. Qf2 Qc6 25. c4 Bxc4 26. Na5 Qb5 27. Nxc4
Rxc4 28. Rxa6 Rb8 29. Ra8 Rcc8 30. Rxb8 Rxb8 1/2-1/2

[Event "Lichtenberger Sommer 2017"]
[Site "Berlin"]
[Date "2017.08.22"]
[Round "4.37"]
[White "Sabrowski, Uwe"]
[Black "Schulz, Toni"]
[Result "0-1"]
[WhiteElo "2122"]
[BlackElo "1878"]
[PlyCount "80"]
[EventDate "2017.??.??"]
[WhiteTeam "SC Friesen Lichtenberg"]
[BlackTeam "ESV Lok Raw Cottbus"]

1. d4 Nf6 2. c4 c5 3. d5 e5 4. Nc3 d6 5. e4 Be7 6. Nge2 Nbd7 7. Ng3 h5 8. Be2
h4 9. Nf5 g6 10. Nxe7 Qxe7 11. Bg5 a6 12. O-O Qf8 13. Qa4 Qg7 14. Kh1 h3 15. g3
Kf8 16. Qa5 b6 17. Qa4 Ne8 18. f4 f6 19. fxe5 Nxe5 20. Bxf6 Nxf6 21. Rxf6+ Qxf6
22. Rf1 Qxf1+ 23. Bxf1 Ke7 24. Be2 Rf8 25. Kg1 Bg4 26. Qc2 Bxe2 27. Qxe2 Nf3+
28. Kh1 Nd2 29. Kg1 Rf1+ 30. Qxf1 Nxf1 31. Kxf1 Rf8+ 32. Ke2 Kf6 33. Nd1 Ke5
34. Ke3 g5 35. Nf2 Rxf2 36. Kxf2 Kxe4 37. b3 g4 38. Ke2 Kd4 39. Kd2 b5 40. cxb5
axb5 0-1

[Event "Lichtenberger Sommer 2017"]
[Site "Berlin"]
[Date "2017.08.22"]
[Round "4.38"]
[White "Poseck, Steffen"]
[Black "Eisheh, Jens-Tarek"]
[Result "1/2-1/2"]
[WhiteElo "2026"]
[BlackElo "1879"]
[PlyCount "96"]
[EventDate "2017.??.??"]
[WhiteTeam "BSV 63 Chemie Weißensee"]
[BlackTeam "Lübecker SV"]

1. Nf3 Nf6 2. e3 d5 3. d4 e6 4. Bd3 b6 5. Nbd2 Bb7 6. O-O Bd6 7. Qe2 Ne4 8. Ne1
O-O 9. Bxe4 dxe4 10. f3 f5 11. fxe4 fxe4 12. Rxf8+ Qxf8 13. b3 Nd7 14. Bb2 Qf6
15. g3 e5 16. Ng2 exd4 17. Qc4+ Kh8 18. Rf1 Qe7 19. Bxd4 Rf8 20. Nh4 Rxf1+ 21.
Qxf1 Be5 22. Nf5 Qf6 23. b4 g6 24. Bxe5 Nxe5 25. Nd4 Qe7 26. b5 c5 27. bxc6
Nxc6 28. c3 Kg7 29. Qb5 Ne5 30. Qf1 Bd5 31. Qf4 Nd3 32. Qf1 Bxa2 33. c4 Qf7 34.
Qxf7+ Kxf7 35. Nxe4 Nc5 36. Nd6+ Kf6 37. Nc8 Bxc4 38. Nxa7 Ke5 39. Nc8 b5 40.
Na7 Ke4 41. Ndxb5 Kxe3 42. Nd6 Bd5 43. Nab5 Ne6 44. h4 Ng7 45. Kh2 h6 46. Nc3
Bc6 47. Nf7 Nf5 48. Ne5 Be8 1/2-1/2